000 01210nam2a2200277 4500
001 rc\2840833
005 20260315045827.0
035 _a(NLR Aleph) 006998404
090 _a13574817
_c13574817
100 _a20110629d1927 u y0rusy50 ca
101 0 _arus
102 _aRU
105 _ay z |||||
200 1 _aПервый год обучения
_fСоставила: В. Алфутов и И. Шубин
_gПод ред. Б. Зорина
210 _d1927
215 _a85 с., [1] с. объявл.
461 0 _1001rc\2840831
_12001#$aМетодическое пособие к двухлетней программе политзанятий с красноармейцами$eЧ. I-$vЧ. 2
_95696044
_cМосква
_d1927
_e2-е изд., перераб.
_nВоенный вестник
_oЧ. I-
_tМетодическое пособие к двухлетней программе политзанятий с красноармейцами
_vЧ. 2
702 1 _aАлфутов
_bВ.
_4220
702 1 _aШубин
_bИ.
_4220
702 1 _aЗорин
_bБ.
_4340
801 0 _aRU
_bNLR
_gpsbo
801 1 _aRU
_bELAR
_2rusmarc
852 _aNLR
_j27/789
852 _aNLR
_j89-7/883
942 _cUNSPEC
980 _aNB